|
|
|
|
| LEADER |
00000naa0a2200000 4500 |
| 001 |
600959 |
| 005 |
20250207092836.0 |
| 035 |
|
|
|a (RuTPU)RU\TPU\tpu\25564
|
| 035 |
|
|
|a RU\TPU\tpu\25563
|
| 090 |
|
|
|a 600959
|
| 100 |
|
|
|a 20140806d2003 k||y0rusy50 ba
|
| 101 |
0 |
|
|a eng
|
| 102 |
|
|
|a CH
|
| 200 |
1 |
|
|a Advanced Thematic Mapping Approach for Forecasting Landscape Change Using GIS
|f N. G. Markov [et al.]
|
| 320 |
|
|
|a References: p. 692-693 (5 tit.)
|
| 333 |
|
|
|a В фонде НТБ ТПУ отсутствует
|
| 463 |
|
|
|t 6th AGILE. Conference on GIScience, April 24-26, 2003, Campus de la Doua, INSALyon, France
|o proceedings
|v P. 687-693
|d 2003
|
| 610 |
1 |
|
|a труды учёных ТПУ
|
| 701 |
|
1 |
|a Markov
|b N. G.
|c Doctor of Engineering, Professor of TPU
|c Russian specialist in Informatics and Computing
|f 1950-
|g Nikolai Grigorevich
|3 (RuTPU)RU\TPU\pers\24811
|9 11026
|
| 701 |
|
1 |
|a Zamyatin
|b A. V.
|c Specialist in the field of informatics and computer technology
|c Associate Professor of Tomsk Polytechnic University, Doctor of technical sciences
|f 1978-
|g Aleksander Vladimirovich
|3 (RuTPU)RU\TPU\pers\31673
|
| 701 |
|
1 |
|a Napryushkin
|b A. A.
|
| 701 |
|
1 |
|a Vertinskaya
|b E. V.
|
| 801 |
|
1 |
|a RU
|b 63413507
|c 20091021
|
| 801 |
|
2 |
|a RU
|b 63413507
|c 20140807
|g RCR
|
| 942 |
|
|
|c BK
|